| 000 | 01513nam a2200409 c 4500 | ||
|---|---|---|---|
| 001 | 52458 | ||
| 003 | ES-MaCES | ||
| 005 | 20250203133959.0 | ||
| 008 | 220822s2022 sp r 000 | spa d | ||
| 017 |
_aM 4529-2022 _bDL |
||
| 020 | _a9788409378234 | ||
| 040 |
_aES-MaCES _bspa _cES-MaCES |
||
| 245 | 0 | 0 |
_aEl Tercer Sector de Acción Social en España 2021 _hRecurso electrónico _b: respuesta y resiliencia durante la pandemia _ccoord., María Luisa Gómez Crespo ; dir., Irene de la Torre Cuellar |
| 260 |
_aMadrid _bPlataforma de ONG de Acción Social _c2022 |
||
| 300 |
_a1 documento pdf _e(1,14 mb) |
||
| 541 | _cGratuito | ||
| 650 | 4 |
_aorganización sin fines de lucro _927312 |
|
| 650 | 4 |
_aorganización no gubernamental _926702 |
|
| 650 | 4 |
_afundaciones _930815 |
|
| 650 | 4 |
_aorganización voluntaria _927314 |
|
| 650 | 4 |
_ainstitución social _929461 |
|
| 650 | 4 |
_aparticipación social _927284 |
|
| 650 | 4 |
_aeconomía social _930379 |
|
| 650 | 4 |
_aCovid-19 _939751 |
|
| 650 | 4 |
_aevaluación del impacto _930732 |
|
| 650 | 4 |
_aEspaña _926964 |
|
| 650 | 4 |
_a2021 _939925 |
|
| 650 | 4 |
_ainforme _928986 |
|
| 653 | 1 | 0 | _aAsuntos Sociales |
| 700 | 1 |
_940494 _aGómez Crespo, María Luisa _ecoord. |
|
| 700 | 1 |
_940495 _aTorre Cuellar, Irene de la _edir. |
|
| 710 | 2 |
_aPlataforma de ONGs de Acción Social _eed. _94833 |
|
| 856 | 4 |
_uhttp://biblioteca.ces.es/repintra/B52458.pdf _ytexto completo _z[intranet] |
|
| 902 | _aELE PUB. ELECTRONICA | ||
| 942 |
_2CES _cBK _h3.3. |
||
| 999 |
_c52458 _d52458 |
||